| 000 | 00621nam a2200193 a 4500 | ||
|---|---|---|---|
| 005 | 20140310183335.0 | ||
| 008 | 060908s19uu xx 00 eng d | ||
| 020 | _a0910627304 | ||
| 050 |
_aTX 911.3.M27 _b.Ar677 2004 |
||
| 100 | _aArduser, Lora | ||
| 245 |
_aHow to open a financially successful bed and breakfast or small hotel / _cArduser, Lora |
||
| 260 |
_aOcala, Florida : _bAtlantic Publishing Group, Inc, _c2004. |
||
| 300 |
_a283 p. : _bill. ; _c21 cm. |
||
| 521 | _aTOU | ||
| 650 |
_aBread and breakfast accomodations _xManagement. |
||
| 700 | _aBrown, Douglas R. | ||
| 942 |
_cBK _2lcc _kFOR |
||
| 999 |
_c21669 _d21669 |
||